Fine Arts - Music | 2 | 2 | 0 | 0 | 50 | 51 | 84.75 | 1 | 1 |
History - Cross, Historiography, and Miscellaneous | 1 | 3 | 0 | 0 | 45 | 62 | 81.00 | 0 | 0 |
Literature - American | 0 | 3 | 0 | 0 | 30 | 74 | 104.00 | 0 | 0 |
Literature - British | 1 | 1 | 0 | 0 | 25 | 36 | 58.00 | 0 | 0 |
Fine Arts - Miscellaneous | 1 | 1 | 0 | 0 | 25 | 79 | 91.50 | 0 | 0 |
History - World | 1 | 1 | 0 | 0 | 25 | 52 | 82.00 | 0 | 0 |
Geography - World | 0 | 2 | 0 | 0 | 20 | 85 | 92.50 | 0 | 0 |
History - American | 1 | 0 | 0 | 0 | 15 | 35 | 35.00 | 0 | 1 |
Science - Biology | 1 | 0 | 0 | 0 | 15 | 87 | 87.00 | 0 | 0 |
Other - Other Academic and General Knowledge | 1 | 0 | 0 | 0 | 15 | 55 | 55.00 | 0 | 1 |
Fine Arts - Photography | 1 | 0 | 0 | 0 | 15 | 55 | 55.00 | 0 | 0 |
Science - Astronomy | 1 | 0 | 0 | 0 | 15 | 63 | 63.00 | 0 | 1 |
Science - Physics | 0 | 1 | 0 | 0 | 10 | 79 | 79.00 | 0 | 0 |
Fine Arts - Painting | 0 | 1 | 0 | 0 | 10 | 77 | 77.00 | 0 | 0 |
Literature - European | 0 | 1 | 0 | 0 | 10 | 125 | 125.00 | 0 | 0 |
Literature - World and Miscellaneous | 0 | 1 | 0 | 0 | 10 | 118 | 118.00 | 0 | 0 |
RMP - Greco-Roman Mythology | 0 | 1 | 0 | 0 | 10 | 89 | 89.00 | 0 | 0 |
RMP - World Mythology | 0 | 1 | 0 | 0 | 10 | 84 | 84.00 | 0 | 0 |
Geography - United States | 0 | 0 | 0 | 0 | 0 | | 0.00 | 0 | 0 |
Fine Arts - Film | 0 | 0 | 0 | 0 | 0 | | 0.00 | 0 | 0 |